Cassell's English Dictionary : Including Words & Phrases Current Among the English Speaking People of the World. (Record no. 3549)

MARC details
005 - DATE AND TIME OF LATEST TRANSACTION
control field 20250609151141.0
020 ## - INTERNATIONAL STANDARD BOOK NUMBER
International Standard Book Number 0 304 30996 6
082 ## - DEWEY DECIMAL CLASSIFICATION NUMBER
Classification number REF 423 HAY
100 ## - MAIN ENTRY--PERSONAL NAME
Author name HAYWARD, A. L.
245 ## - TITLE STATEMENT
Title Cassell's English Dictionary : Including Words & Phrases Current Among the English Speaking People of the World.
250 ## - EDITION STATEMENT
Edition statement 4th Ed
260 ## - PUBLICATION, DISTRIBUTION, ETC.
Place of publication, distribution, etc. London,
Name of publisher, distributor, etc. Cassell,
Date of publication, distribution, etc. 1982.
300 ## - PHYSICAL DESCRIPTION
Extent xi, 1346p.: ill.;
Dimensions 20cm.
700 ## - ADDED ENTRY--PERSONAL NAME
Other authors/Editors SPARKES, J. J.
942 ## - ADDED ENTRY ELEMENTS (KOHA)
Source of classification or shelving scheme Dewey Decimal Classification
Koha item type Books
Holdings
Date last seen Total checkouts Full call number Barcode Cost, replacement price Price effective from Koha item type Lost status Source of classification or shelving scheme Damaged status Not for loan Withdrawn status Home library Current library Shelving location Date acquired Cost, normal purchase price
06/09/2025   REF 423 HAY 00000011766 30000.00 06/09/2025 Books   Dewey Decimal Classification       College of Business Education Main Library College of Business Education Main Library Reference Collection 11/08/1990 10000.00
06/09/2025   REF 423 HAY 00000011767 30000.00 06/09/2025 Books   Dewey Decimal Classification       College of Business Education Main Library College of Business Education Main Library Reference Collection 11/08/1990 10000.00